000
00334nam a2200145Ia 4500
008
191201s2010 xx 000 0 und d
082
_a
658.87
_b
PAM
100
_a
PATI, Debashis
245
0
_a
Marketing Research
250
_a
Rep
260
_a
Hyderabad
_b
University Press
_c
2010
300
_a
682
650
_a
MBA
942
_2
ddc
_c
BK
999
_c
4683
_d
4683